000 01199nam1a2200277 i 4500
001 RU\NLR\bibl\71206
005 20260407111406.0
035 _a(NLR Aleph) 000069471
090 _a382382
_c382382
100 _a20000221d19999999u y0rusy50 ca
101 0 _arus
102 _aRU
105 _aa |||||||||
200 1 _aОлимпиады по информатике
_eСб. задач
_fСарат. гос. ун-т им. Н.Г.Чернышевского
_gПод ред. к.ф.-м.н. Н.Л.Андреевой
210 _aСаратов
_cИзд-во СГУ
_d1999
215 _d20
463 0 _100169965
606 0 _aИнформатика
_xОлимпиады школьные
_92085172
_3RU\NLR\auth\661261284
686 _aЗ973.233я7-42
702 1 _4340
_7ca
_8rus
_aАндреева
_bН. Л.
_cканд. физ.-мат. наук
_gНаталия Львовна
_919892
_3RU\NLR\auth\7736903
712 0 2 _4570
_aСаратовский государственный университет им. Н. Г. Чернышевского
_9373195
_3RU\NLR\AUTH\889939158
801 0 _aRU
_bNLR
_c20000221
_gPSBO
801 1 _aRU
_bNLR
_c20000221
852 _aNLR
_j99-4/3380
942 _cBOOK